| 000 | 00733nam a22002177a 4500 | ||
|---|---|---|---|
| 005 | 20251108175056.0 | ||
| 008 | 250721s2012 xx 000 0 ara d | ||
| 082 | 1 | 4 | _a574.5/لفل |
| 100 | 1 | _aلفلوك، جيمس | |
| 245 | 1 | 0 | _aوجه غايا المتلاشي : تحذير أخير / |
| 246 | 1 | 1 | _aTHE VANISHING FACE GAYA: A FINAL WARNING |
| 264 | 1 |
_aالكويت : _bالمجلس الوطني للثقافة و الفنون و الآداب، _c2012. |
|
| 300 | _a215 ص. | ||
| 490 | 0 |
_aعالم المعرفة _v388 |
|
| 650 | 1 | 7 | _aعلم البيئة |
| 650 | 1 | 7 | _aالأرض |
| 650 | 1 | 7 | _aالتكافل (أحياء) |
| 700 | 1 |
_aخرفان، سعد الدين _eمترجم |
|
| 942 |
_2ddc _cBK |
||
| 999 |
_c125554 _d125554 |
||